| 000 | 00391nam a2200157Ia 4500 | ||
|---|---|---|---|
| 003 | LK-CoDNM | ||
| 008 | 010623t1924 xxu||||| |||| 00| 1 eng d | ||
| 040 |
_aLK-CoDNM _dLK-CoDNM _eLK-CoDNM |
||
| 041 | _aeng | ||
| 080 | _a24 K 32 | ||
| 245 | _aJournal of the Dutch Burgher Union or Ceylon | ||
| 260 |
_bFrewin Co. _aColombo _c1924 |
||
| 300 | _b69p., 20 cm | ||
| 650 | _aDutch | ||
| 942 | _cBK | ||
| 999 |
_c92110 _d92110 |
||